The origin of the solar system / (Record no. 5787)
[ view plain ]
| 000 -LEADER | |
|---|---|
| fixed length control field | 01045nac a22002651u 4500 |
| 010 ## - | |
| -- | 77007547 |
| 020 ## - INTERNATIONAL STANDARD BOOK NUMBER | |
| International Standard Book Number | 0471995290 |
| 082 00 - DEWEY DECIMAL CLASSIFICATION NUMBER | |
| Classification number | 521.54 |
| Item number | DER |
| 090 ## - LOCALLY ASSIGNED LC-TYPE CALL NUMBER (OCLC); LOCAL CALL NUMBER (OCLC) | |
| -- | 5787 |
| -- | 5787 |
| 100 ## - MAIN ENTRY--PERSONAL NAME | |
| Personal name | Dermott, S. F.[ed.]. |
| 111 2# - MAIN ENTRY--MEETING NAME | |
| Meeting name or jurisdiction name as entry element | NATO Advanced Study Institute on the Origin of the Solar System, |
| Location of meeting | University of Newcastle upon Tyne, |
| Date of meeting | 1976. |
| 245 04 - TITLE STATEMENT | |
| Title | The origin of the solar system / |
| Statement of responsibility, etc | edited by S. F. Dermott. |
| 260 ## - | |
| -- | Chichester ; |
| -- | New York : |
| -- | Wiley,c1978. |
| -- | c1978. |
| 300 ## - PHYSICAL DESCRIPTION | |
| Extent | xvii, 668 p. : |
| Other physical details | ill. ; |
| Dimensions | 24 cm. |
| 336 ## - CONTENT TYPE | |
| Source | rdacontent |
| Content type term | text |
| Content type code | txt |
| 337 ## - MEDIA TYPE | |
| Media type term | unmediated |
| Source | rdamedia |
| Media type code | n |
| 338 ## - CARRIER TYPE | |
| Carrier type term | volume |
| Carrier type code | nc |
| Source | rdacarrier |
| 500 ## - GENERAL NOTE | |
| General note | "A Wiley-Interscience publication." |
| 500 ## - GENERAL NOTE | |
| General note | Papers presented at the NATO Advanced Study Institute held at the University of Newcastle upon Tyne, Mar. 29-Apr. 9, 1976. |
| 500 ## - GENERAL NOTE | |
| General note | Distributer : Al-Ahram. |
| 504 ## - BIBLIOGRAPHY, ETC. NOTE | |
| Bibliography, etc | Includes bibliographies and indexes. |
| 511 ## - | |
| -- | Catalogued By : Mahitab. |
| 651 #0 - SUBJECT ADDED ENTRY--GEOGRAPHIC NAME | |
| Geographic name | Solar system |
| General subdivision | Origin |
| 942 ## - ADDED ENTRY ELEMENTS (KOHA) | |
| Koha item type | Book - Borrowing |
| Call number prefix | 521.54DER |
| Classification part | RDA-MOD |
| Withdrawn status | Lost status | Damaged status | Not for loan | Home library | Current library | Shelving location | Date acquired | Source of acquisition | Total Checkouts | Full call number | Barcode | Date last seen | Price effective from | Koha item type |
|---|---|---|---|---|---|---|---|---|---|---|---|---|---|---|
| Central Library | Central Library | First floor | 07/11/2005 | Purchase | 521.54DER | 000007466 | 15/07/2025 | 05/11/2007 | Book - Borrowing |